Инновационный менеджмент: учебное пособие для вузов

Bibliografiske detaljer
Hovedforfatter: Дорофеев В. Д. Владимир Дмитриевич
Andre forfattere: Шмелева А. Н. Анна Николаевна
Summary:Учебное пособие представляет собой краткое изложение курса «Инновационный менеджмент». Пособие содержит анализ вопросов, связанных с развитием инновационного потенциала организаций; созданием методологической основы для изучения как отдельных аспектов менеджмента, так и для формирования целостного мировоззрения применительно к проблемам управления инновационными организациями. Контрольные вопросы, приводимые в конце каждой главы, предназначены для осмысления материала и обсуждения его на практических занятиях.Для студентов высших учебных заведений, аспирантов и преподавателей, специалистов организаций, испытывающих потребность в освоении основ управления инновационными предприятиями.
Sprog:russisk
Udgivet: Ростов-на-Дону, Феникс, 2009
Serier:Высшее образование
Fag:
Format: MixedMaterials Bog
KOHA link:https://koha.lib.tpu.ru/cgi-bin/koha/opac-detail.pl?biblionumber=164417

MARC

LEADER 00000nam0a2200000 4500
001 164417
005 20231101222456.0
010 |a 9785222157404 
035 |a (RuTPU)RU\TPU\book\178372 
090 |a 164417 
100 |a 20090907d2009 m y0rusy50 ca 
101 0 |a rus 
102 |a RU 
105 |a a j 001zy 
200 1 |a Инновационный менеджмент  |e учебное пособие для вузов  |f В. Д. Дорофеев, А. Н. Шмелева 
210 |a Ростов-на-Дону  |c Феникс  |d 2009 
215 |a 442 с.  |c ил. 
225 1 |a Высшее образование 
320 |a Библиогр.: с. 427-437. 
330 |a Учебное пособие представляет собой краткое изложение курса «Инновационный менеджмент». Пособие содержит анализ вопросов, связанных с развитием инновационного потенциала организаций; созданием методологической основы для изучения как отдельных аспектов менеджмента, так и для формирования целостного мировоззрения применительно к проблемам управления инновационными организациями. Контрольные вопросы, приводимые в конце каждой главы, предназначены для осмысления материала и обсуждения его на практических занятиях.Для студентов высших учебных заведений, аспирантов и преподавателей, специалистов организаций, испытывающих потребность в освоении основ управления инновационными предприятиями. 
606 1 |a Инновационный менеджмент  |2 stltpush  |3 (RuTPU)RU\TPU\subj\12654  |9 39407 
610 1 |a экономика 
610 1 |a инновации 
610 1 |a инновационная деятельность 
610 1 |a инноватика 
610 1 |a законодательство 
610 1 |a Россия 
610 1 |a инновационные организации 
610 1 |a конкурентоспособность 
610 1 |a менеджмент качества 
610 1 |a персонал-технологии 
610 1 |a самообучающиеся системы 
610 1 |a инновационные игры 
610 1 |a инновационные проекты 
610 1 |a инновационная сфера 
610 1 |a инновационный рынок 
610 1 |a управление 
610 1 |a маркетинг 
610 1 |a инновационные риски 
610 1 |a учебные планы 
686 |a У9(2)0-551я73  |v LBC/SL-A  |2 rubbk 
700 1 |a Дорофеев  |b В. Д.  |g Владимир Дмитриевич 
701 1 |a Шмелева  |b А. Н.  |g Анна Николаевна 
801 1 |a RU  |b 63413507  |c 20090907 
801 2 |a RU  |b 63413507  |c 20150518  |g RCR 
900 |a Инновационный менеджмент 
900 |a Управление инновационными процессами 
942 |c BK 
951 |b 080507 
953 |a 521600  |b 080100 
959 |a 89/20090907  |d 2  |e 229,20  |f АНЛ:1  |f ЧЗГЛ:1